Informačné systémy pre strategické riadenie a ich vzťah k výkonnosti podniku dizertačná práca

Gespeichert in:
Bibliographische Detailangaben
1. Verfasser: Toropilová, Michaela, 1979-
Körperschaft: Ekonomická univerzita v Bratislave. Podnikovohospodárska fakulta so sídlom v Košiciach
Weitere Verfasser: Čarnický, Štefan
Format: Buch
Sprache:Slowakisch
Veröffentlicht: Košice 2006
Schlagworte:
Tags: Tag hinzufügen
Keine Tags, Fügen Sie das erste Tag hinzu!

MARC

LEADER 00000nam$a2200000$$$4500
001 0047588
005 20221108132949.1
041 0 |a slo 
044 |a SK 
245 1 0 |a Informačné systémy pre strategické riadenie a ich vzťah k výkonnosti podniku  |b dizertačná práca  |c Michaela Toropilová ; školiteľ: Štefan Čarnický 
264 1 |a Košice  |c 2006 
300 |a 116 s. 
610 2 0 |a riadenie strategické 
610 2 0 |a systémy informačné 
610 2 0 |a riadenie podnikové 
610 2 0 |a výkonnosť 
610 2 0 |a podnik 
100 1 |a Toropilová, Michaela, 1979- 
700 1 |a Čarnický, Štefan 
710 2 |a Ekonomická univerzita v Bratislave. Podnikovohospodárska fakulta so sídlom v Košiciach